| 000 | 00563nam a2200217 a 4500 | ||
|---|---|---|---|
| 999 |
_c9426 _d9426 |
||
| 001 | 9426 | ||
| 003 | BD-JhCC | ||
| 005 | 20180529114414.0 | ||
| 008 | 180314s1964 us a|||| |||| 000 0 eng d | ||
| 035 | _a(BD-JhCC)9426 | ||
| 040 |
_aBD-JhCC _dBD-JhCC |
||
| 041 | _aeng | ||
| 082 |
_a325.73 _bKEN 1964 |
||
| 100 | _aF. Kennedy, John | ||
| 245 |
_aA nation of immigrants / _cJohn F. Kennedy |
||
| 260 |
_aAmirica: _bHarper Row, _c1964. |
||
| 300 |
_a111 p.: _bill; _c21 cm. |
||
| 650 | _aEmigration and Immigration | ||
| 942 |
_2ddc _cBK |
||